|
|
|
|
| LEADER |
00000cam a2200000 7i4500 |
| 001 |
0000000091 |
| 005 |
20030308.0 |
| 020 |
0 |
0 |
|a 0140260404
|
| 090 |
0 |
0 |
|a 004.67
|b GAT 1996
|
| 100 |
1 |
0 |
|a GATES
|h Bill
|
| 245 |
1 |
4 |
|a The road ahead
|c Bill Gates with Nathan Myhrvold and Peter Rinearson
|
| 250 |
0 |
0 |
|a Rev. ed.
|
| 260 |
0 |
0 |
|a New York, USA :
|b Penguin Books ,
|c 1996
|
| 300 |
|
|
|a xviii, 332 p. :
|b ill. ;
|c 23 cm.
|
| 500 |
0 |
0 |
|a Includes index
|
| 650 |
0 |
0 |
|a Computer industry
|z United States
|
| 650 |
0 |
0 |
|a Computer networks
|z United States
|
| 650 |
0 |
0 |
|a Information superhighway
|z United States
|
| 650 |
0 |
0 |
|a Information technology
|z United States
|
| 650 |
0 |
0 |
|a Telecommunication
|z United States
|
| 700 |
0 |
1 |
|a Myhrvold
|h Nathan
|
| 700 |
0 |
1 |
|a Rinearson
|h Peter
|
| 998 |
|
|
|a JPSM
|
| 999 |
|
|
|a 0000001084
|b Monograph
|c Open Shelf
|e Default branch
|